[Event "Baltic Sea Cup"]
[Site "Ronne"]
[Date "2007.08.01"]
[Round "4.32"]
[White "Hoi, Carsten"]
[Black "Borup, Mads"]
[Result "1-0"]
[WhiteElo "2422"]
[BlackElo "1996"]
[PlyCount "41"]
[EventDate "2007.??.??"]
[EventType "swiss"]
[EventRounds "9"]
[EventCountry "DEN"]
[SourceDate "2005.12.01"]
[WhiteTeam "Denmark"]
[BlackTeam "Denmark"]
[WhiteTeamCountry "DEN"]
[BlackTeamCountry "DEN"]

1. d4 Nf6 2. Nf3 e6 3. c4 Bb4+ 4. Nc3 c5 5. e3 Nc6 6. Bd3 Bxc3+ 7. bxc3 d6 8.
O-O e5 9. Ng5 h6 10. Ne4 Nxe4 11. Bxe4 Bd7 12. Rb1 Qc8 13. dxc5 dxc5 14. Qd6 b6
15. Rd1 h5 16. Bxc6 Qxc6 17. Qxe5+ Kf8 18. Rd6 Qc7 19. Qd5 Rd8 20. e4 Qc8 21.
Bg5 1-0

[Event "Baltic Sea Cup"]
[Site "Ronne"]
[Date "2007.08.01"]
[Round "4.33"]
[White "Titu Maiorescu, Dorin"]
[Black "Olsen, Lars Moller"]
[Result "1-0"]
[WhiteElo "2273"]
[BlackElo "1961"]
[PlyCount "61"]
[EventDate "2007.??.??"]
[EventType "swiss"]
[EventRounds "9"]
[EventCountry "DEN"]
[SourceDate "2005.12.01"]
[WhiteTeam "Denmark"]
[BlackTeam "Denmark"]
[WhiteTeamCountry "DEN"]
[BlackTeamCountry "DEN"]

1. Nf3 d5 2. d3 Nc6 3. Nbd2 e5 4. c4 d4 5. g3 Bg4 6. Bg2 Nf6 7. a3 a5 8. Qa4
Nd7 9. h3 Nc5 10. Qc2 Bd7 11. b3 Be7 12. O-O Qc8 13. Kh2 g5 14. Ne4 Nxe4 15.
dxe4 g4 16. hxg4 Bxg4 17. Bh6 Rg8 18. Rh1 Qe6 19. Kg1 Bxf3 20. Bxf3 Rg6 21. Bd2
d3 22. Qxd3 Rd8 23. Qc3 Bc5 24. Be3 Nd4 25. Kg2 h6 26. Rh5 Nxf3 27. exf3 Bd4
28. Bxd4 exd4 29. Qxa5 Rg5 30. Rxg5 hxg5 31. Qxg5 1-0

[Event "Baltic Sea Cup"]
[Site "Ronne"]
[Date "2007.08.01"]
[Round "4.34"]
[White "Ostergaard, Jens"]
[Black "Berg, Peter"]
[Result "1-0"]
[WhiteElo "2256"]
[BlackElo "1966"]
[PlyCount "65"]
[EventDate "2007.??.??"]
[EventType "swiss"]
[EventRounds "9"]
[EventCountry "DEN"]
[SourceDate "2005.12.01"]
[WhiteTeam "Denmark"]
[BlackTeam "Denmark"]
[WhiteTeamCountry "DEN"]
[BlackTeamCountry "DEN"]

1. d4 d5 2. Nf3 Nf6 3. c4 c6 4. Nc3 dxc4 5. a4 Bf5 6. e3 e6 7. Bxc4 Bb4 8. O-O
O-O 9. Nh4 Bg4 10. f3 Bh5 11. g4 Nd5 12. Ng2 Bg6 13. Qb3 Qe7 14. e4 Nb6 15. Be2
a5 16. Na2 Na6 17. Bxa6 Rxa6 18. Nxb4 axb4 19. Qc2 e5 20. Be3 Nd5 21. Bf2 Rfa8
22. dxe5 Qxe5 23. Qd2 Nb6 24. b3 Qe7 25. Rfd1 f6 26. Rac1 Bf7 27. Bc5 Qe6 28.
a5 Nc8 29. Qxb4 Rxa5 30. Rd8+ Be8 31. Ne1 Qe5 32. Qc4+ Kh8 33. Qf7 1-0

[Event "Baltic Sea Cup"]
[Site "Ronne"]
[Date "2007.08.01"]
[Round "4.35"]
[White "Ascenso, Luis Manuel Pereira"]
[Black "Kasparova, Tatiana"]
[Result "0-1"]
[WhiteElo "1950"]
[BlackElo "2217"]
[PlyCount "84"]
[EventDate "2007.??.??"]
[EventType "swiss"]
[EventRounds "9"]
[EventCountry "DEN"]
[SourceDate "2005.12.01"]
[WhiteTeam "Denmark"]
[BlackTeam "Denmark"]
[WhiteTeamCountry "DEN"]
[BlackTeamCountry "DEN"]

1. d4 Nf6 2. c4 c5 3. e3 e6 4. Nf3 Be7 5. Nc3 O-O 6. Bd3 b6 7. O-O Bb7 8. Bd2
d6 9. dxc5 dxc5 10. Be2 a6 11. Qc2 Nc6 12. Rfd1 Qc7 13. a3 Rfe8 14. e4 g6 15.
Bf1 Bd6 16. g3 h5 17. Bg5 Nh7 18. Qd2 Nxg5 19. Qxg5 h4 20. gxh4 Ne5 21. Nxe5
Bxe5 22. Bg2 Bxh2+ 23. Kh1 Be5 24. h5 Bf4 25. Qh4 Bh6 26. Rd3 Rad8 27. Rad1
Rxd3 28. Rxd3 Bc6 29. Qg3 Bf4 30. Qh4 Qe5 31. Bf3 b5 32. cxb5 axb5 33. Ne2 Bh6
34. Qg3 Qxb2 35. Rc3 c4 36. e5 Bxf3+ 37. Qxf3 Rd8 38. Ng3 Bd2 39. Re3 Bxe3 40.
Qxe3 Rd1+ 41. Kg2 Qd4 42. Qf3 Qd5 0-1

[Event "Baltic Sea Cup"]
[Site "Ronne"]
[Date "2007.08.01"]
[Round "4.36"]
[White "Boje, Tobias Rosholm"]
[Black "Hindenes, Andreas Kvinge"]
[Result "1-0"]
[WhiteElo "1931"]
[BlackElo "1664"]
[PlyCount "65"]
[EventDate "2007.??.??"]
[EventType "swiss"]
[EventRounds "9"]
[EventCountry "DEN"]
[SourceDate "2005.12.01"]
[WhiteTeam "Denmark"]
[BlackTeam "Denmark"]
[WhiteTeamCountry "DEN"]
[BlackTeamCountry "DEN"]

1. e4 c5 2. Nc3 g6 3. g3 Bg7 4. Bg2 Nc6 5. d3 d6 6. Be3 Nf6 7. h3 O-O 8. Qd2
Rb8 9. Bh6 b5 10. Bxg7 Kxg7 11. f4 Bd7 12. Nge2 b4 13. Nd1 Qb6 14. Ne3 e6 15.
O-O Na5 16. g4 Ne8 17. f5 f6 18. Nf4 Nc7 19. Rf2 Nc6 20. Nc4 Qa6 21. Nxd6 Ne5
22. Nc4 Nxc4 23. dxc4 Rbd8 24. Qe2 exf5 25. gxf5 Rfe8 26. fxg6 hxg6 27. b3 Qc8
28. Qf3 Rf8 29. Qg3 g5 30. Raf1 Rh8 31. e5 Kf7 32. Nd5 f5 33. Nxc7 1-0

[Event "Baltic Sea Cup"]
[Site "Ronne"]
[Date "2007.08.01"]
[Round "4.37"]
[White "Jensen, Jan Kargaard"]
[Black "Radil, Casper"]
[Result "0-1"]
[WhiteElo "1894"]
[BlackElo "2107"]
[PlyCount "60"]
[EventDate "2007.??.??"]
[EventType "swiss"]
[EventRounds "9"]
[EventCountry "DEN"]
[SourceDate "2005.12.01"]
[WhiteTeam "Denmark"]
[BlackTeam "Denmark"]
[WhiteTeamCountry "DEN"]
[BlackTeamCountry "DEN"]

1. Nf3 d5 2. b3 Bf5 3. Bb2 Nd7 4. e3 Ngf6 5. Be2 e6 6. O-O Bd6 7. d4 c6 8. Nbd2
Qc7 9. c4 h6 10. c5 Be7 11. b4 a5 12. b5 b6 13. cxb6 Qxb6 14. a4 O-O 15. Rc1
Rfc8 16. Nb3 Ne4 17. bxc6 Rxc6 18. Bb5 Rxc1 19. Qxc1 Nd6 20. Bxd7 Qxb3 21. Ba3
Bd3 22. Re1 Rd8 23. Bxd6 Bxd6 24. Qc6 Bb4 25. Rc1 Ba3 26. Re1 Qb4 27. Qc7 Qe7
28. Ne5 Bd6 29. Nc6 Bxc7 30. Nxe7+ Kf8 0-1

[Event "Baltic Sea Cup"]
[Site "Ronne"]
[Date "2007.08.01"]
[Round "4.38"]
[White "Hansen, Anders"]
[Black "Skjoldager, Nicklas"]
[Result "0-1"]
[WhiteElo "1795"]
[BlackElo "2077"]
[PlyCount "54"]
[EventDate "2007.??.??"]
[EventType "swiss"]
[EventRounds "9"]
[EventCountry "DEN"]
[SourceDate "2005.12.01"]
[WhiteTeam "Denmark"]
[BlackTeam "Denmark"]
[WhiteTeamCountry "DEN"]
[BlackTeamCountry "DEN"]

1. d4 f5 2. c4 Nf6 3. Nc3 e6 4. Nf3 Bb4 5. Qc2 O-O 6. e3 b6 7. Bd2 Bb7 8. Bd3
Bxc3 9. Bxc3 Ne4 10. Bb4 c5 11. Ba3 d6 12. O-O-O Nd7 13. dxc5 bxc5 14. Bxe4
Bxe4 15. Qc3 Nb6 16. b3 Qe7 17. Bb2 d5 18. Ne5 dxc4 19. Nxc4 Nxc4 20. bxc4 Rab8
21. f3 Bc6 22. Rd6 Rxb2 23. Rxc6 Rxg2 24. Qe5 Qb7 25. Rc7 Qb4 26. Rxc5 Qd2+ 27.
Kb1 Qxa2+ 0-1

[Event "Baltic Sea Cup"]
[Site "Ronne"]
[Date "2007.08.01"]
[Round "4.39"]
[White "Grand, Hans Henrik"]
[Black "Nilsen, Joachim Birger"]
[Result "1/2-1/2"]
[WhiteElo "2076"]
[BlackElo "1958"]
[PlyCount "44"]
[EventDate "2007.??.??"]
[EventType "swiss"]
[EventRounds "9"]
[EventCountry "DEN"]
[SourceDate "2005.12.01"]
[WhiteTeam "Denmark"]
[BlackTeam "Denmark"]
[WhiteTeamCountry "DEN"]
[BlackTeamCountry "DEN"]

1. c4 Nf6 2. g3 c5 3. Bg2 Nc6 4. Nc3 g6 5. Nf3 Bg7 6. a3 O-O 7. e4 d6 8. O-O
Bg4 9. h3 Bxf3 10. Bxf3 Ne8 11. d3 Nc7 12. Bg2 Ne6 13. Rb1 a5 14. f4 Ned4 15.
Be3 Rb8 16. a4 e6 17. Ne2 Nxe2+ 18. Qxe2 Bd4 19. g4 e5 20. f5 Qg5 21. Bxd4 Nxd4
22. Qf2 Ra8 1/2-1/2

[Event "Baltic Sea Cup"]
[Site "Ronne"]
[Date "2007.08.01"]
[Round "4.40"]
[White "Maas, Thomas"]
[Black "Zachariassen, John"]
[Result "1-0"]
[WhiteElo "2071"]
[BlackElo "1939"]
[PlyCount "107"]
[EventDate "2007.??.??"]
[EventType "swiss"]
[EventRounds "9"]
[EventCountry "DEN"]
[SourceDate "2005.12.01"]
[WhiteTeam "Denmark"]
[BlackTeam "Denmark"]
[WhiteTeamCountry "DEN"]
[BlackTeamCountry "DEN"]

1. e4 g6 2. d4 Bg7 3. Nc3 d6 4. Bg5 Nd7 5. f4 c6 6. Nf3 Qa5 7. Bd3 Nf8 8. O-O
Bg4 9. d5 a6 10. Kh1 Nd7 11. h3 Bxf3 12. Qxf3 c5 13. Rae1 f6 14. Bh4 Nh6 15. e5
fxe5 16. f5 Qb4 17. Qg3 Bf6 18. Bxf6 Nxf6 19. fxg6 hxg6 20. Qxg6+ Kd7 21. Bf5+
Nxf5 22. Qxf5+ Kc7 23. Qe6 Rae8 24. Rxf6 exf6 25. Qf7+ Kb6 26. Qxf6 Rd8 27. Qf3
Qf4 28. Re4 Qh6 29. Qe3 Qg6 30. Qe2 Rdg8 31. Re3 Rh6 32. Ne4 Qf7 33. c4 Rhg6
34. Rf3 Qe7 35. g4 Rh8 36. Kg2 Qh7 37. Nf2 Rg7 38. a3 Rf7 39. Ne4 Rxf3 40. Qxf3
Qh6 41. g5 Qg6 42. Kg3 Qh7 43. Qg4 Rf8 44. Nf6 Rxf6 45. gxf6 Qd3+ 46. Kh4 Qh7+
47. Kg3 Qd3+ 48. Kh4 Qh7+ 49. Kg5 Qg8+ 50. Kf5 Qc8+ 51. Ke4 Qe8 52. Qg7 Qa4 53.
Kf5 Qxc4 54. f7 1-0

[Event "Baltic Sea Cup"]
[Site "Ronne"]
[Date "2007.08.01"]
[Round "4.41"]
[White "Palvig, David Kinch"]
[Black "Ertbjerg, Andreas Lund"]
[Result "1-0"]
[WhiteElo "1750"]
[BlackElo "2069"]
[PlyCount "59"]
[EventDate "2007.??.??"]
[EventType "swiss"]
[EventRounds "9"]
[EventCountry "DEN"]
[SourceDate "2005.12.01"]
[WhiteTeam "Denmark"]
[BlackTeam "Denmark"]
[WhiteTeamCountry "DEN"]
[BlackTeamCountry "DEN"]

1. d4 e6 2. Nf3 c5 3. c3 Nf6 4. Bf4 Nc6 5. e3 b6 6. Nbd2 Bb7 7. Bd3 Rc8 8. O-O
Be7 9. Ne4 Nxe4 10. Bxe4 f5 11. Bc2 O-O 12. Ne5 Qe8 13. Qe2 g5 14. Bg3 Nxe5 15.
dxe5 Kh8 16. f4 Rg8 17. e4 gxf4 18. Rxf4 Bg5 19. Rf2 fxe4 20. Bxe4 Bc6 21. Raf1
Bh6 22. Rf7 Rg7 23. R7f2 Qe7 24. Kh1 Rcg8 25. Bxc6 dxc6 26. Qe4 Qd7 27. Bh4 Bg5
28. Bxg5 Rxg5 29. Rf7 Rf5 30. Qxf5 1-0

[Event "Baltic Sea Cup"]
[Site "Ronne"]
[Date "2007.08.01"]
[Round "4.42"]
[White "Johansen, Johnny Holler"]
[Black "Lillelokken, Kjell Arne"]
[Result "0-1"]
[WhiteElo "2058"]
[BlackElo "1898"]
[PlyCount "190"]
[EventDate "2007.??.??"]
[EventType "swiss"]
[EventRounds "9"]
[EventCountry "DEN"]
[SourceDate "2005.12.01"]
[WhiteTeam "Denmark"]
[BlackTeam "Denmark"]
[WhiteTeamCountry "DEN"]
[BlackTeamCountry "DEN"]

1. e4 e6 2. d4 d5 3. Nc3 Nf6 4. Bg5 Be7 5. e5 Nfd7 6. Bxe7 Qxe7 7. f4 a6 8. Nf3
c5 9. Bd3 Nc6 10. O-O cxd4 11. Ne2 f6 12. exf6 Qxf6 13. Kh1 O-O 14. Nfxd4 Nc5
15. c3 Bd7 16. Bc2 Rad8 17. Ng3 e5 18. fxe5 Qxe5 19. Nf3 Qd6 20. b4 Ne6 21. Nf5
Qf4 22. g3 Qc4 23. Ne3 Qxc3 24. Nxd5 Qa3 25. Bb3 Kh8 26. Nd2 Qb2 27. Nc4 Qd4
28. Qxd4 Ncxd4 29. Ne5 Nxb3 30. axb3 Bb5 31. Rxf8+ Rxf8 32. Re1 g6 33. Nc3 Rf1+
34. Rxf1 Bxf1 35. Nf7+ Kg7 36. Nd6 b6 37. Nd5 b5 38. Ne8+ Kf7 39. Nec7 Bd3 40.
Kg1 Be4 41. Kf2 Nxc7 42. Nxc7 Bb7 43. Ke3 Kf6 44. h4 Ke5 45. Ne8 Bc8 46. Kd3
Be6 47. Nc7 Bxb3 48. Nxa6 Bc4+ 49. Ke3 Bf1 50. Nc5 Kd5 51. Ne4 h6 52. Nd2 Bh3
53. Kd3 Bf5+ 54. Kc3 h5 55. Nf3 Ke4 56. Nd4 Bd7 57. Ne2 Kf3 58. Kd2 Be8 59. Kd3
Bf7 60. Kd2 Bc4 61. Nf4 Kxg3 62. Nxg6 Be6 63. Ke3 Bf5 64. Ne7 Bc2 65. Kd2 Bb1
66. Ke3 Kxh4 67. Kf4 Kh3 68. Kf3 h4 69. Nd5 Bf5 70. Nf4+ Kh2 71. Kf2 Bd7 72.
Nh5 Kh3 73. Nf6 Bc6 74. Nh5 Kg4 75. Nf6+ Kf5 76. Nh5 Ke4 77. Nf6+ Kd4 78. Ng4
Kc3 79. Ne5 Be8 80. Kg2 Kxb4 81. Kh3 Kc3 82. Kxh4 b4 83. Nf3 b3 84. Ng1 b2 85.
Ne2+ Kd2 86. Nd4 b1=Q 87. Kg3 Qg6+ 88. Kf4 Bd7 89. Kf3 Qd3+ 90. Kf4 Qxd4+ 91.
Kg5 Qg7+ 92. Kh5 Bc6 93. Kh4 Bf3 94. Kh3 Qg4+ 95. Kh2 Qg2# 0-1

[Event "Baltic Sea Cup"]
[Site "Ronne"]
[Date "2007.08.01"]
[Round "4.43"]
[White "Tallaksen, Levi Andre"]
[Black "Schiendorfer, Alexander"]
[Result "1-0"]
[WhiteElo "2037"]
[BlackElo "1811"]
[PlyCount "57"]
[EventDate "2007.??.??"]
[EventType "swiss"]
[EventRounds "9"]
[EventCountry "DEN"]
[SourceDate "2005.12.01"]
[WhiteTeam "Denmark"]
[BlackTeam "Denmark"]
[WhiteTeamCountry "DEN"]
[BlackTeamCountry "DEN"]

1. d4 d5 2. c4 e6 3. Nf3 Nf6 4. e3 Nbd7 5. Nc3 Bb4 6. Qc2 O-O 7. Bd3 dxc4 8.
Bxc4 Bxc3+ 9. Qxc3 Re8 10. O-O c6 11. b3 Nd5 12. Qd2 Qc7 13. Bb2 N5f6 14. Rac1
h6 15. Rfd1 a5 16. Qc2 Nd5 17. e4 N5f6 18. e5 Nd5 19. Qe4 Qd8 20. Bd3 f5 21.
exf6 N7xf6 22. Qh4 Nh7 23. Qg3 Qf6 24. Ne5 Nf4 25. Ng4 Qg5 26. h4 Qh5 27. Qxf4
e5 28. Nxe5 Nf6 29. Bg6 1-0

[Event "Baltic Sea Cup"]
[Site "Ronne"]
[Date "2007.08.01"]
[Round "4.44"]
[White "Lardot, Derik"]
[Black "Nielsen, Rasmus Lundberg"]
[Result "0-1"]
[WhiteElo "2034"]
[BlackElo "1795"]
[PlyCount "64"]
[EventDate "2007.??.??"]
[EventType "swiss"]
[EventRounds "9"]
[EventCountry "DEN"]
[SourceDate "2005.12.01"]
[WhiteTeam "Denmark"]
[BlackTeam "Denmark"]
[WhiteTeamCountry "DEN"]
[BlackTeamCountry "DEN"]

1. e4 c5 2. c3 d6 3. d4 Nf6 4. Bd3 g6 5. Nf3 Bg7 6. h3 O-O 7. Be3 Nbd7 8. O-O
Qc7 9. Nh2 b5 10. f4 Bb7 11. Nd2 e6 12. Nhf3 Bc6 13. b4 c4 14. Bc2 Qb7 15. Qb1
a5 16. bxa5 Rxa5 17. Qb4 Rfa8 18. Qb1 Ra3 19. d5 exd5 20. e5 dxe5 21. fxe5 Ne4
22. Nxe4 dxe4 23. Ng5 Nxe5 24. Nxe4 f5 25. Nc5 Qe7 26. Bd4 Qg5 27. Rf2 Nf3+ 28.
Kf1 Nd2+ 29. Rxd2 Qxd2 30. Bf2 Qxc3 31. Qe1 Qxa1 32. Bb1 Qe5 0-1

[Event "Baltic Sea Cup"]
[Site "Ronne"]
[Date "2007.08.01"]
[Round "4.45"]
[White "Skogli, Pal"]
[Black "Schmitz, Manuela"]
[Result "1-0"]
[WhiteElo "1634"]
[BlackElo "2031"]
[PlyCount "109"]
[EventDate "2007.??.??"]
[EventType "swiss"]
[EventRounds "9"]
[EventCountry "DEN"]
[SourceDate "2005.12.01"]
[WhiteTeam "Denmark"]
[BlackTeam "Denmark"]
[WhiteTeamCountry "DEN"]
[BlackTeamCountry "DEN"]

1. Nf3 Nf6 2. d3 d5 3. Nbd2 e6 4. e4 b6 5. g3 Bb7 6. e5 Nfd7 7. Bg2 f6 8. exf6
Qxf6 9. O-O Bd6 10. Rb1 c5 11. c4 O-O 12. Qe2 Nc6 13. b3 Nb4 14. Bb2 Qf7 15. a3
Nc6 16. Ng5 Qg6 17. Qxe6+ Qxe6 18. Nxe6 Nce5 19. Nxf8 Rxf8 20. d4 Nd3 21. Bxd5+
Bxd5 22. cxd5 Nxb2 23. dxc5 Bxc5 24. Rxb2 Nf6 25. d6 Bxa3 26. Ra2 Bxd6 27. Rxa7
Bc5 28. h3 Rd8 29. Ra2 Rd3 30. Kg2 h6 31. f4 Bb4 32. Nc4 Nd5 33. Rf3 Rd1 34.
Ne5 Bc5 35. Ra8+ Kh7 36. Rd3 Rg1+ 37. Kh2 Nc7 38. Rc8 Rc1 39. Rdd8 Rc2+ 40. Kh1
Rc1+ 41. Kg2 Rc2+ 42. Kf3 Rc3+ 43. Kg4 h5+ 44. Kxh5 g6+ 45. Nxg6 Ne6 46. Rh8+
Kg7 47. Rcg8+ Kf6 48. Kg4 Rxb3 49. Ne5 Bf2 50. Rg6+ Ke7 51. Nf3 Kf7 52. Rgh6 b5
53. Rb8 Ng7 54. Rb7+ Kg8 55. Rg6 1-0

[Event "Baltic Sea Cup"]
[Site "Ronne"]
[Date "2007.08.01"]
[Round "4.46"]
[White "Grandadam, Nicolas"]
[Black "Adolfssen, Rico"]
[Result "0-1"]
[WhiteElo "2022"]
[BlackElo "1752"]
[PlyCount "148"]
[EventDate "2007.??.??"]
[EventType "swiss"]
[EventRounds "9"]
[EventCountry "DEN"]
[SourceDate "2005.12.01"]
[WhiteTeam "Denmark"]
[BlackTeam "Denmark"]
[WhiteTeamCountry "DEN"]
[BlackTeamCountry "DEN"]

1. d4 g6 2. c4 Bg7 3. Nf3 d6 4. Nc3 Nd7 5. e4 c5 6. Be2 cxd4 7. Nxd4 Ngf6 8.
O-O O-O 9. Be3 Nc5 10. f3 Bd7 11. Rc1 Rc8 12. b4 Na6 13. a3 h5 14. Qd2 Kh7 15.
Rfd1 h4 16. Nb3 h3 17. g3 b6 18. c5 Nb8 19. cxb6 axb6 20. Nd5 Nxd5 21. exd5 Ba4
22. Rxc8 Qxc8 23. Rc1 Qb7 24. Bc4 Rc8 25. Nd4 Nd7 26. b5 Ne5 27. Qb4 Rxc4 28.
Rxc4 Qxd5 29. Rc8 Bd1 30. Qd2 Qxd4 31. Qxd4 Nxf3+ 32. Kf2 Nxd4 33. Rc4 Nxb5 34.
a4 Na3 35. Rh4+ Kg8 36. Bxb6 g5 37. Re4 f5 38. Rxe7 Bxa4 39. Be3 Nc4 40. Bxg5
Bd4+ 41. Kf3 Ne5+ 42. Kf4 Ng6+ 43. Kxf5 Nxe7+ 44. Bxe7 Bg1 45. Bxd6 Bxh2 46.
Kg4 Bd7+ 47. Kh4 Bg1 48. g4 h2 49. Bxh2 Bxh2 50. Kg5 Kg7 51. Kh5 Bf4 52. g5 Bd2
53. Kh4 Kg6 54. Kg3 Kxg5 55. Kf3 Bf5 56. Ke2 Bc1 57. Kf3 Kf6 58. Ke2 Ke5 59.
Kf3 Bc2 60. Kg4 Bd1+ 61. Kg3 Bd2 62. Kf2 Kf4 63. Kg2 Bc3 64. Kf2 Bg4 65. Kg2
Ke4 66. Kf2 Bh5 67. Kg2 Be1 68. Kf1 Bh4 69. Kg2 Bg4 70. Kg1 Kf3 71. Kf1 Bh3+
72. Kg1 Bg3 73. Kh1 Bf4 74. Kg1 Be3+ 0-1

[Event "Baltic Sea Cup"]
[Site "Ronne"]
[Date "2007.08.01"]
[Round "4.47"]
[White "Ronne Larsen, Dennis"]
[Black "Glibstrup, Jakob"]
[Result "0-1"]
[WhiteElo "1000"]
[BlackElo "1939"]
[PlyCount "52"]
[EventDate "2007.??.??"]
[EventType "swiss"]
[EventRounds "9"]
[EventCountry "DEN"]
[SourceDate "2005.12.01"]
[WhiteTeam "Denmark"]
[BlackTeam "Denmark"]
[WhiteTeamCountry "DEN"]
[BlackTeamCountry "DEN"]

1. d4 Nf6 2. Nc3 g6 3. g3 Bg7 4. e4 d6 5. Bb5+ c6 6. Bc4 b5 7. Be2 b4 8. Na4
Qa5 9. b3 Nxe4 10. Qd3 Bf5 11. Qc4 d5 12. Qd3 Nxf2 13. Qf3 Nxh1 14. Bg5 Bxd4
15. Be3 Bxa1 16. Qf4 O-O 17. Nc5 e5 18. Qg5 d4 19. Bd2 Qxc5 20. Qf6 Nd7 21. Qg5
Qxc2 22. Nf3 e4 23. Bxb4 d3 24. Ng1 c5 25. Bg4 Bc3+ 26. Kf1 Qf2# 0-1

[Event "Baltic Sea Cup"]
[Site "Ronne"]
[Date "2007.08.01"]
[Round "4.48"]
[White "Andersen, Daniel"]
[Black "Olsen, Karsten Kierkegaard"]
[Result "1-0"]
[WhiteElo "1997"]
[BlackElo "1598"]
[PlyCount "67"]
[EventDate "2007.??.??"]
[EventType "swiss"]
[EventRounds "9"]
[EventCountry "DEN"]
[SourceDate "2005.12.01"]
[WhiteTeam "Denmark"]
[BlackTeam "Denmark"]
[WhiteTeamCountry "DEN"]
[BlackTeamCountry "DEN"]

1. c4 d5 2. cxd5 Qxd5 3. Nc3 Qd8 4. d4 e5 5. dxe5 Qxd1+ 6. Kxd1 Be6 7. f4 f5 8.
Nf3 Nc6 9. Ng5 O-O-O+ 10. Kc2 Nd4+ 11. Kb1 h6 12. Nxe6 Nxe6 13. e3 Kb8 14. Bc4
Nc5 15. Kc2 g5 16. b4 Ne4 17. Nxe4 fxe4 18. Bd2 Ne7 19. Bc3 Nf5 20. Rae1 c5 21.
g4 cxb4 22. gxf5 bxc3 23. Kxc3 Rc8 24. Kb3 Bc5 25. f6 Rc7 26. f5 Rd8 27. Rd1
Rdc8 28. Be6 Rf8 29. Rd7 Bxe3 30. Rhd1 a6 31. Rd8+ Rxd8 32. Rxd8+ Ka7 33. f7
Rc1 34. f8=Q 1-0

[Event "Baltic Sea Cup"]
[Site "Ronne"]
[Date "2007.08.01"]
[Round "4.49"]
[White "Knudsen, Jes West"]
[Black "Valle, Lorenzo"]
[Result "1-0"]
[WhiteElo "1990"]
[BlackElo "1541"]
[PlyCount "143"]
[EventDate "2007.??.??"]
[EventType "swiss"]
[EventRounds "9"]
[EventCountry "DEN"]
[SourceDate "2005.12.01"]
[WhiteTeam "Denmark"]
[BlackTeam "Denmark"]
[WhiteTeamCountry "DEN"]
[BlackTeamCountry "DEN"]

1. e4 d6 2. d4 Nf6 3. Nc3 g6 4. h4 Bg7 5. Be3 h6 6. Be2 c6 7. Qd2 Ng4 8. Bxg4
Bxg4 9. f3 Be6 10. d5 Bd7 11. Bd4 O-O 12. O-O-O Qa5 13. Nge2 Na6 14. h5 g5 15.
Bxg7 Kxg7 16. f4 f6 17. Nd4 cxd5 18. Nxd5 Qxd2+ 19. Rxd2 e5 20. fxe5 dxe5 21.
Nb3 Bc6 22. Na5 Rac8 23. Ne7 Bxe4 24. Nxc8 Rxc8 25. Re1 Nc5 26. Kd1 b6 27. Nc4
Bf5 28. Nd6 Bg4+ 29. Kc1 Rf8 30. b4 Ne6 31. Re4 Bxh5 32. Nf5+ Kh7 33. g4 Bg6
34. Rc4 Rf7 35. Rd6 Nd4 36. Nxd4 exd4 37. Rcxd4 Kg7 38. Rd7 Kg8 39. Rxf7 Bxf7
40. c4 Be6 41. c5 bxc5 42. bxc5 Bxa2 43. c6 Be6 44. Rd7 Bxg4 45. Rxa7 h5 46.
Kd2 h4 47. Ke3 Be6 48. Re7 Bh3 49. c7 Kf8 50. Re4 Bf5 51. Kf3 Bc8 52. Kf2 Kf7
53. Rd4 Be6 54. Rd8 Bf5 55. Kf3 Be6 56. c8=Q Bxc8 57. Rxc8 Kg6 58. Rc5 Kh6 59.
Rf5 Kg6 60. Kg4 Kf7 61. Rf3 Kg6 62. Rf2 Kg7 63. Kh5 Kf7 64. Rf3 Kg7 65. Rf5 Kf7
66. Ra5 Ke6 67. Kg4 Kf7 68. Kf5 h3 69. Ra7+ Kg8 70. Kg6 Kf8 71. Kxf6 Ke8 72.
Kxg5 1-0

[Event "Baltic Sea Cup"]
[Site "Ronne"]
[Date "2007.08.01"]
[Round "4.50"]
[White "Hansen, Ib Lynaes"]
[Black "Kristiansen, Orla"]
[Result "0-1"]
[WhiteElo "1926"]
[BlackElo "1842"]
[PlyCount "78"]
[EventDate "2007.??.??"]
[EventType "swiss"]
[EventRounds "9"]
[EventCountry "DEN"]
[SourceDate "2005.12.01"]
[WhiteTeam "Denmark"]
[BlackTeam "Denmark"]
[WhiteTeamCountry "DEN"]
[BlackTeamCountry "DEN"]

1. e4 e6 2. d4 d5 3. Bd3 dxe4 4. Bxe4 Nf6 5. Bf3 c5 6. Ne2 Nc6 7. Be3 Nd5 8.
O-O Nxe3 9. fxe3 Bd6 10. c3 Qc7 11. h3 O-O 12. Na3 a6 13. Nc2 Rb8 14. e4 Rd8
15. Rc1 Qb6 16. Qe1 cxd4 17. cxd4 e5 18. Ne3 Nxd4 19. Nxd4 Qxd4 20. Kh1 Be6 21.
b3 Bb4 22. Qe2 Bd2 23. Nd5 Bxd5 24. exd5 Bxc1 25. Rxc1 Rbc8 26. Rd1 Qf4 27. Qe1
f5 28. Qa5 e4 29. Be2 Qd6 30. a4 Rc2 31. Bc4 f4 32. Qe1 f3 33. Bf1 Re8 34. Qe3
Qg3 35. Qg1 f2 36. Qh2 Qxh2+ 37. Kxh2 e3 38. Bc4 Rxc4 39. bxc4 e2 0-1

[Event "Baltic Sea Cup"]
[Site "Ronne"]
[Date "2007.08.01"]
[Round "4.51"]
[White "Kraft, Rene"]
[Black "Grandadam, Patrick"]
[Result "1/2-1/2"]
[WhiteElo "1678"]
[BlackElo "1918"]
[PlyCount "127"]
[EventDate "2007.??.??"]
[EventType "swiss"]
[EventRounds "9"]
[EventCountry "DEN"]
[SourceDate "2005.12.01"]
[WhiteTeam "Denmark"]
[BlackTeam "Denmark"]
[WhiteTeamCountry "DEN"]
[BlackTeamCountry "DEN"]

1. c4 e5 2. Nc3 Nf6 3. b3 d5 4. cxd5 Nxd5 5. Bb2 Nc6 6. e3 Be6 7. Bb5 Ndb4 8.
Nf3 Nd3+ 9. Bxd3 Qxd3 10. Rc1 O-O-O 11. Ne2 Bb4 12. Rc2 Bf5 13. Rc4 Be4 14. Bc3
Bxf3 15. gxf3 a5 16. f4 b5 17. Nc1 Qd7 18. Rxc6 Qxc6 19. Qg4+ Kb8 20. O-O Bxc3
21. dxc3 Rd6 22. f5 g6 23. f3 gxf5 24. Qxf5 Rg8+ 25. Kf2 Rd2+ 26. Ne2 Qxc3 27.
Re1 Qc5 28. Qxh7 Rgd8 29. Qg7 Rxa2 30. h4 Rdd2 31. Qg8+ Ka7 32. Qxf7 Qc2 33.
Kg3 Kb7 34. Rc1 Rxe2 35. Rxc2 Raxc2 36. Qd5+ Kb6 37. Qxe5 a4 38. Qd4+ c5 39.
Qd8+ Kb7 40. Qd7+ Kb6 41. bxa4 Rg2+ 42. Kf4 Rc4+ 43. e4 bxa4 44. h5 a3 45. Qd8+
Kb5 46. Qb8+ Ka4 47. h6 Rh2 48. Qa7+ Kb3 49. Qb7+ Kc2 50. Qa6 Rc3 51. e5 Kb2
52. Qb5+ Rb3 53. Qxc5 a2 54. Qd4+ Kc2 55. Qc4+ Kd2 56. Qd4+ Ke2 57. Qe4+ Kf1
58. Qc4+ Re2 59. h7 Rb8 60. Qc1+ Kg2 61. Kf5 Kf2 62. f4 Re1 63. Qc5+ Kf1 64.
Qc4+ 1/2-1/2

[Event "Baltic Sea Cup"]
[Site "Ronne"]
[Date "2007.08.01"]
[Round "4.52"]
[White "Jacobsen, Mads Holger"]
[Black "Pieri, Enzo"]
[Result "1/2-1/2"]
[WhiteElo "1480"]
[BlackElo "1909"]
[PlyCount "78"]
[EventDate "2007.??.??"]
[EventType "swiss"]
[EventRounds "9"]
[EventCountry "DEN"]
[SourceDate "2005.12.01"]
[WhiteTeam "Denmark"]
[BlackTeam "Denmark"]
[WhiteTeamCountry "DEN"]
[BlackTeamCountry "DEN"]

1. d4 d5 2. c4 e6 3. Nc3 Nf6 4. e3 a6 5. Nf3 Be7 6. Be2 Nbd7 7. O-O Nf8 8. Ne1
Ng6 9. Nd3 dxc4 10. Ne5 Nxe5 11. dxe5 Nd5 12. Bxc4 Nxc3 13. bxc3 O-O 14. f4 b5
15. Be2 c5 16. Qxd8 Rxd8 17. Rd1 Bb7 18. Bb2 c4 19. Kf2 Bc6 20. Rac1 f6 21.
exf6 Bxf6 22. Bf3 Bxf3 23. Kxf3 Kf7 24. Ke2 e5 25. g3 e4 26. g4 h6 27. Rc2 Rd3
28. Rcd2 Rad8 29. Rxd3 Rxd3 30. Rxd3 cxd3+ 31. Kd2 Ke6 32. Ba3 Be7 33. Bxe7
Kxe7 34. h4 a5 35. g5 hxg5 36. hxg5 g6 37. a3 Kd6 38. Kd1 Kd5 39. Kd2 Ke6
1/2-1/2